10 Most Valuable Players Per Every Bundesliga Club - Statistics

General Stats
  • This quiz has been taken 14 times
  • The average score is 58 of 180
Answer Stats
Club Name % Correct
Harry Kane
100%
Joshua Kimmich
100%
Michael Olise
100%
Min-jae Kim
100%
Alejandro Grimaldo
89%
Aleksandar Pavlovic
89%
Alphonso Davies
89%
Bayern Munich Jamal Musiala
89%
Karim Adeyemi
89%
Keven Schlotterbeck
89%
Nico Schlotterbeck
89%
Stuttgart Angelo Stiller
78%
Castello Lukeba
78%
Dayot Upamecano
78%
Gregor Kobel
78%
Frankfurt Hugo Larsson
78%
Jonathan Burkardt
78%
Julian Brandt
78%
Luis Diaz
78%
Maximilian Mittelstadt
78%
Patrik Schick
78%
Can Uzun
67%
Deniz Undav
67%
Edmond Tapsoba
67%
Ermedin Demirovic
67%
Exequiel Palacios
67%
Felix Nmecha
67%
Jarrell Quansah
67%
Jobe Bellingham
67%
Jonas Wind
67%
Josip Stanisic
67%
Maximilian Beier
67%
Aleix Garcia
56%
Alexander Nubel
56%
Alexis Claude-Maurice
56%
Ansgar Knauff
56%
Antonio Nusa
56%
Chris Fuhrich
56%
Julian Ryerson
56%
Loic Bade
56%
Ritsu Doan
56%
Robin Koch
56%
Monchengladbach Tim Kleindienst
56%
Yan Couto
56%
Arthur Theate
44%
David Raum
44%
Elye Wahi
44%
Franck Honorat
44%
Gift Orban
44%
Jean-Matteo Bahoya
44%
Lois Openda
44%
Malik Tillman
44%
Wolfsburg Mohamed Amoura
44%
Nadiem Amiri
44%
Nicolas Seiwald
44%
Philipp Lienhart
44%
Bremen Romano Schmid
44%
Leipzig Xavi Simons
44%
Hoffenheim Adam Hlozek
33%
Atakan Karazor
33%
Bazoumana Toure
33%
Danilho Doekhi
33%
Union Berlin Diego Leite
33%
Jean-Luc Dompe
33%
Joe Scally
33%
Johan Bakayoko
33%
Kaishu Sano
33%
Kamil Grabara
33%
Lovro Majer
33%
Luca Netz
33%
Marco Friedl
33%
Nelson Weiper
33%
Nick Woltemade
33%
Freiburg Noah Atubolu
33%
Patrick Wimmer
33%
Mainz Paul Nebel
33%
Leverkusen Piero Hincapie
33%
Robert Glatzel
33%
Rocco Reitz
33%
Andreas Hance-Olsen
22%
Andreas Hountondji
22%
Andreas Skov Olsen
22%
Arijon Ibrahimovic
22%
Arnaud Nordin
22%
Bennedict Hollerbach
22%
Augsburg Chrislain Matsima
22%
Heidenheim Diant Ramaj
22%
El Chadaille Bitshiabu
22%
St.Pauli Eric Smith
22%
Felix Agu
22%
Finn Dahmen
22%
Finn Jeltsch
22%
Fisnik Asllani
22%
Giovanni Reyna
22%
Isak Johannesson
22%
Jakub Kaminski
22%
Jamie Leweling
22%
Jens Stage
22%
Julian Weigl
22%
Justin Njinmah
22%
Leon Avdullahu
22%
Leopold Querfeld
22%
Marvin Pieringer
22%
Mathias Pereira Lage
22%
Nathaniel Brown
22%
Nico Elvedi
22%
Nikola Vasilj
22%
Omar Traore
22%
Patrick Mainka
22%
Koln Ragner Ache
22%
Hamburger Ransford Konigsdorffer
22%
Robin Hack
22%
Samuel Mbangula
22%
Tom Rothe
22%
Yuito Suzuki
22%
Yussuf Poulsen
22%
Albian Hajdari
11%
Aljoscha Kemlein
11%
Anton Kade
11%
Bennedikt Gimber
11%
Budu Zivzivadze
11%
Connor Metcalfe
11%
Daniel Peretz
11%
David Nemeth
11%
Dominik Kohr
11%
Eric Martel
11%
James Sands
11%
Jan Schoppner
11%
Jesper Lindstrom
11%
Joakim Maehle
11%
Joel Chima Fujita
11%
Johan Manzambi
11%
Josip Juranovic
11%
Jusuf Gazibegovic
11%
Koki Machida
11%
Konstantinos Koulierakis
11%
Kristijan Jakic
11%
Leo Scienza
11%
Linton Maina
11%
Lukas Ullrich
11%
Manolis Saliakas
11%
Maximilian Eggestein
11%
Max Moerstedt
11%
Max Rosenfelder
11%
Miro Muheim
11%
Mitchell Weiser
11%
Muhammed Damar
11%
Nicolas Capaldo
11%
Oladapo Afolayan
11%
Patrick Osterhage
11%
Rayan Philippe
11%
Robert Skov
11%
Robin Zentner
11%
Senne Lynen
11%
Alex Kral
0%
Andras Schafer
0%
Anthony Cacii
0%
Arthur Vermeeren
0%
Cedric Zasiger
0%
Claudio Echeverri
0%
Cyriaque Irie
0%
Daniel Elfadli
0%
Derrick Kohn
0%
Eren Dinkci
0%
Han-Noah Massengo
0%
Jan Thielman
0%
Jordan Torunarigha
0%
Lutsharel Geertruida
0%
Maximilian Wober
0%
Merlin Rohl
0%
Niklas Dorsch
0%
Noahkai Banks
0%
Phillip Tietz
0%
Rav van den Berg
0%
Dortmund Serhou Guiassy
0%
Timo Hubers
0%
Tom Kraus
0%
Valentin Gendrey
0%
Vini Souza
0%
Yukinari Sugawara
0%
No matching quizzes found
Score Distribution
Percent of People with Each Score
Percentile by Number Answered
Your Score History
You have not taken this quiz